LEADER 00866nam0-22003131i-450- 001 990003244570403321 005 20001010 010 $a88-365-0291-1 035 $a000324457 035 $aFED01000324457 035 $a(Aleph)000324457FED01 035 $a000324457 100 $a20000920d1986----km-y0itay50------ba 101 0 $aita 105 $ay-------001yy 200 1 $aGUIDA RAPIDA D'ITALIA$eVeneto, Trentino-Alto Adige, Friuli-Venezia Giulia Emilia Romagna 210 $aMilano$cRocca$d1986 215 $app.311 610 0 $aGuide Italiane,Geografia Turistica 676 $a046.003 710 02$aTouring club italiano$05623 801 0$aIT$bUNINA$gRICA$2UNIMARC 901 $aBK 912 $a990003244570403321 952 $a046.003.GRI.01$b1704$fDECGE 959 $aDECGE 996 $aGUIDA RAPIDA D'ITALIA$9450095 997 $aUNINA DB $aING01 LEADER 01580nam2 2200337 i 450 001 URB0937093 005 20251003044434.0 010 $a9788828804031 100 $a20200529d2019 ||||0itac50 ba 101 | $aita 102 $ait 181 1$6z01$ai $bxxxe 182 1$6z01$an 183 1$6z01$anc$2RDAcarrier 200 1 $aˆ1: ‰Fonti e principi, ambito, programmazione e progettazione 210 $aMilano$cGiuffrè Francis Lefebvre$d2019 215 $aLIII, 1497 p.$d25 cm. 461 1$1001URB0937095$12001 $aTrattato sui contratti pubblici$fdiretto da Maria Alessandra Sandulli, Rosanna De Nictolis$v1 606 $aContratti pubblici$xItalia$2FIR$3CFIC174175$9E 676 $a346.45023$9DIRITTO PRIVATO. CONTRATTI PUBBLICI (CONTRATTI DELL'AMMINISTRAZIONE PUBBLICA). ITALIA$v23 696 $aContratti delle pubbliche amministrazioni$aContratti amministrativi$aContratti della pubblica amministrazione 699 $aContratti pubblici$yContratti delle pubbliche amministrazioni 699 $aContratti pubblici$zContratti amministrativi 699 $aContratti pubblici$yContratti della pubblica amministrazione 801 3$aIT$bIT-000000$c20200529 850 $aIT-BN0095 912 $aURB0937093 950 2$aBiblioteca Centralizzata di Ateneo$cv. 1;5$d 01TRA 28 TRASCP$e 01 0000006005 VMA A4(0001 v. 1 (Precedente collocazione: BCA SC. SOCIAL 117 (0001)$fB $h20210713$i20210713 977 $a 01 996 $aFonti e principi, ambito, programmazione e progettazione$91758786 997 $aUNISANNIO